| 000 | 00714nam a2200217 i 4500 | ||
|---|---|---|---|
| 001 | 107872 | ||
| 003 | ES-MaACL | ||
| 005 | 20250902063102.0 | ||
| 007 | t| | ||
| 008 | 061121s1967 sp r ||||1| spa d | ||
| 100 | 1 |
_aMounier, Emmanuel, _d1905-1950 _983875 |
|
| 245 | 1 | 0 |
_aIntroducción a los existencialismos / _cEmmanuel Mounier; traducción de Daniel D. Montserrat. |
| 260 |
_aMadrid : _bGuadarrama, _c1967. |
||
| 300 |
_a215 p. ; _c18 cm. |
||
| 490 | 1 |
_aColección "Punto Omega" ; _v5 |
|
| 650 | 0 | 4 |
_aExistencialismo. _912679 |
| 700 | 1 |
_aMontserrat, Daniel D. _982737 |
|
| 830 | 0 |
_aColección "Punto Omega" ; _v5 _9187250 |
|
| 852 |
_aES-MaACL _jC-32863 _bR.63541 |
||
| 999 |
_c107872 _d107872 |
||